Metodologia i didàctica de l'anglès per al cicle superior a l'EGB = Metodology and didactic of English for the superior cycle of EGB / Connie O'Grady
Descripción Física:
13, [22], 8 f. ; 30 cm
Materias:
Anglès -- Ensenyament primari
MARC
| LEADER | 00000nam a2200000Ia 4500 | ||
|---|---|---|---|
| 001 | 2003 | ||
| 008 | 160829s9999 xx 000 0 cat d | ||
| 080 | |a E-1-11 | ||
| 100 | |a O'Grady, Connie |9 25939 | ||
| 245 | |a Metodologia i didàctica de l'anglès per al cicle superior a l'EGB = Metodology and didactic of English for the superior cycle of EGB / Connie O'Grady | ||
| 260 | |a Barcelona : |b Diputació de Barcelona. Servei d'Ensenyament i Investigació, [198 - ?] | ||
| 300 | |a 13, [22], 8 f. ; |c 30 cm | ||
| 650 | |a Anglès |x Ensenyament primari |9 25940 | ||
| 710 | 1 | |a Barcelona (Catalunya : Província). |b Servei d'Ensenyament i Investigació |9 54366 | |
| 901 | |a Arxiu | ||
| 942 | |n 1 | ||
| 952 | |0 0 |1 0 |4 0 |6 E111 |7 1 |9 43831 |a Arxiu |b Arxiu |d 2016-12-01 |l 0 |o E-1-11 |p 2003 |r 2016-12-01 00:00:00 |w 2016-12-01 |y ARXIU | ||
| 999 | |c 46410 |d 46410 | ||